<?xml version="1.0" encoding="UTF-8"?><?xml-stylesheet type="text/xsl" href="static/style.xsl"?><OAI-PMH xmlns="http://www.openarchives.org/OAI/2.0/" xmlns:xsi="http://www.w3.org/2001/XMLSchema-instance" xsi:schemaLocation="http://www.openarchives.org/OAI/2.0/ http://www.openarchives.org/OAI/2.0/OAI-PMH.xsd"><responseDate>2026-04-14T00:49:55Z</responseDate><request verb="GetRecord" identifier="oai:www.recercat.cat:10230/54412" metadataPrefix="marc">https://recercat.cat/oai/request</request><GetRecord><record><header><identifier>oai:recercat.cat:10230/54412</identifier><datestamp>2025-12-12T04:18:19Z</datestamp><setSpec>com_2072_6</setSpec><setSpec>col_2072_452952</setSpec></header><metadata><record xmlns="http://www.loc.gov/MARC21/slim" xmlns:dcterms="http://purl.org/dc/terms/" xmlns:xsi="http://www.w3.org/2001/XMLSchema-instance" xmlns:doc="http://www.lyncode.com/xoai" xsi:schemaLocation="http://www.loc.gov/MARC21/slim http://www.loc.gov/standards/marcxml/schema/MARC21slim.xsd">
   <leader>00925njm 22002777a 4500</leader>
   <datafield ind2=" " ind1=" " tag="042">
      <subfield code="a">dc</subfield>
   </datafield>
   <datafield ind2=" " ind1=" " tag="720">
      <subfield code="a">Lin, Hui-Yi</subfield>
      <subfield code="e">author</subfield>
   </datafield>
   <datafield ind2=" " ind1=" " tag="720">
      <subfield code="a">Kogevinas, Manolis</subfield>
      <subfield code="e">author</subfield>
   </datafield>
   <datafield ind2=" " ind1=" " tag="720">
      <subfield code="a">Park, Jong Y.</subfield>
      <subfield code="e">author</subfield>
   </datafield>
   <datafield ind2=" " ind1=" " tag="260">
      <subfield code="c">2022-10-17T06:17:58Z</subfield>
   </datafield>
   <datafield ind2=" " ind1=" " tag="260">
      <subfield code="c">2022-10-17T06:17:58Z</subfield>
   </datafield>
   <datafield ind2=" " ind1=" " tag="260">
      <subfield code="c">2022</subfield>
   </datafield>
   <datafield ind2=" " ind1=" " tag="520">
      <subfield code="a">Background: previous studies have shown that different alcoholic beverage types impact prostate cancer (PCa) clinical outcomes differently. However, intake patterns of specific alcoholic beverages for PCa status are understudied. The study&amp;apos;s objective is to evaluate intake patterns of total alcohol and the three types of beverage (beer, wine, and spirits) by the PCa risk and aggressiveness status. Method: this is a cross-sectional study using 10,029 men (4676 non-PCa men and 5353 PCa patients) with European ancestry from the PCa consortium. Associations between PCa status and alcohol intake patterns (infrequent, light/moderate, and heavy) were tested using multinomial logistic regressions. Results: intake frequency patterns of total alcohol were similar for non-PCa men and PCa patients after adjusting for demographic and other factors. However, PCa patients were more likely to drink wine (light/moderate, OR = 1.11, p = 0.018) and spirits (light/moderate, OR = 1.14, p = 0.003; and heavy, OR = 1.34, p = 0.04) than non-PCa men. Patients with aggressive PCa drank more beer than patients with non-aggressive PCa (heavy, OR = 1.48, p = 0.013). Interestingly, heavy wine intake was inversely associated with PCa aggressiveness (OR = 0.56, p = 0.009). Conclusions: the intake patterns of some alcoholic beverage types differed by PCa status. Our findings can provide valuable information for developing custom alcohol interventions for PCa patients.</subfield>
   </datafield>
   <datafield tag="653" ind2=" " ind1=" ">
      <subfield code="a">Aggressiveness</subfield>
   </datafield>
   <datafield tag="653" ind2=" " ind1=" ">
      <subfield code="a">Alcohol</subfield>
   </datafield>
   <datafield tag="653" ind2=" " ind1=" ">
      <subfield code="a">Beverage</subfield>
   </datafield>
   <datafield tag="653" ind2=" " ind1=" ">
      <subfield code="a">Prostate cancer</subfield>
   </datafield>
   <datafield ind2="0" ind1="0" tag="245">
      <subfield code="a">Intake patterns of specific alcoholic beverages by prostate cancer status</subfield>
   </datafield>
</record></metadata></record></GetRecord></OAI-PMH>